<?xml version="1.0" encoding="UTF-8"?><?xml-stylesheet type="text/xsl" href="static/style.xsl"?><OAI-PMH xmlns="http://www.openarchives.org/OAI/2.0/" xmlns:xsi="http://www.w3.org/2001/XMLSchema-instance" xsi:schemaLocation="http://www.openarchives.org/OAI/2.0/ http://www.openarchives.org/OAI/2.0/OAI-PMH.xsd"><responseDate>2026-04-14T04:35:30Z</responseDate><request verb="GetRecord" identifier="oai:www.recercat.cat:11351/6886" metadataPrefix="marc">https://recercat.cat/oai/request</request><GetRecord><record><header><identifier>oai:recercat.cat:11351/6886</identifier><datestamp>2025-10-04T05:19:11Z</datestamp><setSpec>com_2072_378070</setSpec><setSpec>com_2072_378040</setSpec><setSpec>col_2072_378092</setSpec></header><metadata><record xmlns="http://www.loc.gov/MARC21/slim" xmlns:dcterms="http://purl.org/dc/terms/" xmlns:xsi="http://www.w3.org/2001/XMLSchema-instance" xmlns:doc="http://www.lyncode.com/xoai" xsi:schemaLocation="http://www.loc.gov/MARC21/slim http://www.loc.gov/standards/marcxml/schema/MARC21slim.xsd">
   <leader>00925njm 22002777a 4500</leader>
   <datafield ind2=" " ind1=" " tag="042">
      <subfield code="a">dc</subfield>
   </datafield>
   <datafield ind2=" " ind1=" " tag="720">
      <subfield code="a">Shaw, Alice Tsang</subfield>
      <subfield code="e">author</subfield>
   </datafield>
   <datafield ind2=" " ind1=" " tag="720">
      <subfield code="a">Bearz, A.</subfield>
      <subfield code="e">author</subfield>
   </datafield>
   <datafield ind2=" " ind1=" " tag="720">
      <subfield code="a">Camidge, D. R.</subfield>
      <subfield code="e">author</subfield>
   </datafield>
   <datafield ind2=" " ind1=" " tag="720">
      <subfield code="a">Bauman, J. R.</subfield>
      <subfield code="e">author</subfield>
   </datafield>
   <datafield ind2=" " ind1=" " tag="720">
      <subfield code="a">Solomon, Benjamin</subfield>
      <subfield code="e">author</subfield>
   </datafield>
   <datafield ind2=" " ind1=" " tag="720">
      <subfield code="a">Felip Font, Enriqueta</subfield>
      <subfield code="e">author</subfield>
   </datafield>
   <datafield ind2=" " ind1=" " tag="260">
      <subfield code="c">2022-01-25T11:14:55Z</subfield>
   </datafield>
   <datafield ind2=" " ind1=" " tag="260">
      <subfield code="c">2022-01-25T11:14:55Z</subfield>
   </datafield>
   <datafield ind2=" " ind1=" " tag="260">
      <subfield code="c">2021-05</subfield>
   </datafield>
   <datafield ind2=" " ind1=" " tag="520">
      <subfield code="a">Lorlatinib; Càncer de pulmó de cèl·lules no petites; ALK TKI de segona generació</subfield>
   </datafield>
   <datafield ind2=" " ind1=" " tag="520">
      <subfield code="a">Lorlatinib; Cáncer de pulmón de células no pequeñas; ALK TKI de segunda generación</subfield>
   </datafield>
   <datafield ind2=" " ind1=" " tag="520">
      <subfield code="a">Lorlatinib; Non-small-cell lung cancer; Second-generation ALK TKIs</subfield>
   </datafield>
   <datafield ind2=" " ind1=" " tag="520">
      <subfield code="a">Background&#xd;
Lorlatinib, a potent, brain-penetrant, third-generation anaplastic lymphoma kinase (ALK) tyrosine kinase inhibitor (TKI), has substantial activity against ALK-positive non-small-cell lung cancer (NSCLC). This study assessed the overall, intracranial, and extracranial efficacy of lorlatinib in ALK-positive NSCLC that progressed on second-generation ALK TKIs.&#xd;
Patients and methods&#xd;
In the ongoing phase II study (NCT01970865), patients with ALK-positive advanced NSCLC treated with ≥1 prior second-generation ALK TKI ± chemotherapy were enrolled in expansion cohorts (EXP) based on treatment history. Overall, intracranial and extracranial antitumor activity were assessed independently per modified Response Evaluation Criteria in Solid Tumors (RECIST) v1.1.&#xd;
Results&#xd;
Of the 139 patients with ≥1 prior second-generation ALK TKI (EXP3B-5), 28 received one prior second-generation ALK TKI (EXP3B), 65 two prior ALK TKIs (EXP4), and 46 three prior ALK TKIs (EXP5). In EXP3B-5, the objective response rate (ORR) [95% confidence intervals] was 39.6% (31.4-48.2), intracranial ORR (IC-ORR) was 56.1% (42.4-69.3), extracranial ORR (EC-ORR) was 36.7% (28.7-45.3), median duration of response (DOR) was 9.6 months [5.6-16.7; IC-DOR, 12.4 (6.0-37.1); EC-DOR, 9.7 (6.1-33.3)], median progression-free survival was 6.6 (5.4-7.4) months, and median overall survival was 20.7 months (16.1-30.3). In EXP3B, the ORR was 42.9% (24.5-62.8), the IC-ORR was 66.7% (29.9-92.5), and the EC-ORR was 32.1% (15.9-52.4). In EXP4 and EXP5, the ORR was 38.7% (29.6-48.5), the IC-ORR was 54.2% (39.2-68.6), and the EC-ORR was 37.8% (28.8-47.5).&#xd;
Conclusions&#xd;
Lorlatinib had clinically meaningful intracranial and extracranial antitumor activity in the post-second-generation ALK TKI setting, with elevated intracranial versus extracranial ORR, particularly in patients with fewer lines of therapy.</subfield>
   </datafield>
   <datafield ind2=" " ind1=" " tag="520">
      <subfield code="a">This work was supported by Pfizer Inc. (no grant number).</subfield>
   </datafield>
   <datafield tag="653" ind2=" " ind1=" ">
      <subfield code="a">Pulmons - Càncer - Tractament</subfield>
   </datafield>
   <datafield tag="653" ind2=" " ind1=" ">
      <subfield code="a">Proteïnes quinases - Inhibidors</subfield>
   </datafield>
   <datafield tag="653" ind2=" " ind1=" ">
      <subfield code="a">DISEASES::Neoplasms::Neoplasms by Site::Thoracic Neoplasms::Respiratory Tract Neoplasms::Lung Neoplasms::Bronchial Neoplasms::Carcinoma, Bronchogenic::Carcinoma, Non-Small-Cell Lung</subfield>
   </datafield>
   <datafield tag="653" ind2=" " ind1=" ">
      <subfield code="a">Other subheadings::Other subheadings::Other subheadings::/drug therapy</subfield>
   </datafield>
   <datafield tag="653" ind2=" " ind1=" ">
      <subfield code="a">CHEMICALS AND DRUGS::Chemical Actions and Uses::Pharmacologic Actions::Molecular Mechanisms of Pharmacological Action::Enzyme Inhibitors::Protein Kinase Inhibitors</subfield>
   </datafield>
   <datafield tag="653" ind2=" " ind1=" ">
      <subfield code="a">Other subheadings::Other subheadings::/therapeutic use</subfield>
   </datafield>
   <datafield tag="653" ind2=" " ind1=" ">
      <subfield code="a">ENFERMEDADES::neoplasias::neoplasias por localización::neoplasias torácicas::neoplasias del tracto respiratorio::neoplasias pulmonares::neoplasias de los bronquios::carcinoma broncogénico::carcinoma de pulmón de células no pequeñas</subfield>
   </datafield>
   <datafield tag="653" ind2=" " ind1=" ">
      <subfield code="a">Otros calificadores::Otros calificadores::Otros calificadores::/farmacoterapia</subfield>
   </datafield>
   <datafield tag="653" ind2=" " ind1=" ">
      <subfield code="a">COMPUESTOS QUÍMICOS Y DROGAS::acciones y usos químicos::acciones farmacológicas::mecanismos moleculares de acción farmacológica::inhibidores enzimáticos::inhibidores de proteínas cinasas</subfield>
   </datafield>
   <datafield tag="653" ind2=" " ind1=" ">
      <subfield code="a">Otros calificadores::Otros calificadores::/uso terapéutico</subfield>
   </datafield>
   <datafield ind2="0" ind1="0" tag="245">
      <subfield code="a">Intracranial and extracranial efficacy of lorlatinib in patients with ALK-positive non-small-cell lung cancer previously treated with second-generation ALK TKIs</subfield>
   </datafield>
</record></metadata></record></GetRecord></OAI-PMH>